00654nam a2200193Ia 4500008004100000100002200041245005000063245005200113260003900165260000900204300002700213440005600240650002100296650001400317650002400331650001400355999001900369952007200388170510s9999 xx 000 0 und d aRedden, Joseph P. 4aThe ability to choose can increase satiation. cRedden, Joseph P.; Haws, Kelly L.; Chen, Jinjie bAmerican Psychological Association c2017 apages 186-200,February aJournal of Personality and Social Psychologyv112:2 aCost of choosing aEnjoyment aHedonic consumption aSatiation c329873d329873 001040aCLbCLd2017-05-10l0r2017-05-10 00:00:00w2017-05-10ySE